Normal görünüm MARC görünümü

Giriş Topical Term

Kullanılan kayıt sayısı: 1

001 - CONTROL NUMBER

  • control field: 3362

003 - CONTROL NUMBER IDENTIFIER

  • control field: TR-AnABB

005 - DATE AND TIME OF LATEST TRANSACTION

  • control field: 20260408112334.0

008 - FIXED-LENGTH DATA ELEMENTS

  • fixed length control field: 260408|| aca||aabn | a|a d

040 ## - CATALOGING SOURCE

  • Original cataloging agency: TR-AnABB
  • Transcribing agency: TR-AnABB

150 ## - HEADING--TOPICAL TERM

  • Topical term or geographic name entry element: Tarih, Türkiye, Dış İlişkiler

670 ## - SOURCE DATA FOUND

  • Source citation: Koha: (TR-AnABB)10197: Öke, M. Kemal 3361, İngiltere'nin Güneydoğu Anadolu siyaseti ve Binbaşı E. W. C. Noel'in faaliyetleri /, 1988